000 00772nam a2200289Ia 4500
005 20260324131548.0
008 008 260324s9999 xx 000 0 eng d
020 _a9781003192251
037 _aEBOOK
040 _aCRL
040 _beng
040 _cCRL
041 _2eng
041 _aeng
084 _qCRL
100 _aNancy LoPatin-Lummis; Richard Gaunt; Michael Partridge
_91185975
245 0 _aLives of Victorian Political Figures, Part I, Volume 1
245 0 _bPalmerston, Disraeli and Gladstone by their Contemporaries
260 _bTaylor and Francis
260 _c2006
365 _a
365 _b240
856 _uhttp://www.taylorfrancis.com/books/9781003192251
942 _cEBOOK
999 _c1783258
_d1783258